| 000 | 00900cab a2200229 4500 | ||
|---|---|---|---|
| 001 | ABS51153 | ||
| 008 | 090401t1994 xxu||||| |||| 00| 0 eng d | ||
| 035 | _a(Sirsi) u13104 | ||
| 041 | _aeng | ||
| 100 | _aHarrison, R. | ||
| 245 | _aLet the purchaser`s solicitor beware | ||
| 260 | _c1994 | ||
| 350 | _a0 | ||
| 490 |
_aSolicitors` Journal _v138(28) 22 July 1994, 736-738(3) |
||
| 520 | _aExamines "William Sindall v Cambridgeshire CC " (1993) and asks whether standard pre-contract enquiries need revision or additions, looking at relevant aspects to the conveyancer. Discusses the facts of the case, highlighting on the moral aspects for practical conveyancers, and provides a useful checklist. | ||
| 650 | _aCONVEYANCING | ||
| 650 | _aPRE-CONTRACT ENQUIRIES | ||
| 650 | _aWILLIAM SINDALL V CAMBRIDGESHIRE CC | ||
| 690 | _aPROPERTY LAW AND PRACTICE | ||
| 942 | _n0 | ||
| 948 | _c04/03/1997 | ||
| 999 |
_c8427 _d8427 |
||